Número Binario a Sistema Decimal - Estadísticas

Estadísticas generales
  • Esta prueba ha sido intentada 54 veces
  • La puntuación promedio es 11 de 24
Estadísticas de respuestas
Binario Decimal % Correcto
0000001 1
100%
0001011 11
100%
1111111 127
100%
0011101 29
100%
0000011 3
100%
0011110 30
100%
0100100 36
100%
0000100 4
100%
0101010 42
100%
0101011 43
100%
0000101 5
100%
0111011 59
100%
0000110 6
100%
0111101 61
100%
1000000 64
100%
1000011 67
100%
1000110 70
100%
1001110 78
100%
0001010 10
83%
1000100 68
83%
0001100 12
80%
0100111 39
80%
0111010 58
75%
0000111 7
75%
1010010 82
75%
1010101 85
75%
0111001 57
71%
0000000 0
67%
1110110 118
67%
1111001 121
67%
0010001 17
67%
0100001 33
67%
0110111 55
67%
1000001 65
67%
1000111 71
67%
1010100 84
67%
1011011 91
67%
1100011 99
67%
1110010 114
60%
0100000 32
60%
0100010 34
60%
0110101 53
60%
1001010 74
60%
1011000 88
57%
1100101 101
50%
1101110 110
50%
1110001 113
50%
1110011 115
50%
1110101 117
50%
1111010 122
50%
1111101 125
50%
0010000 16
50%
0010011 19
50%
0000010 2
50%
0010110 22
50%
0011111 31
50%
0100011 35
50%
0100101 37
50%
0100110 38
50%
0101100 44
50%
0111000 56
50%
1000010 66
50%
1001001 73
50%
0001000 8
50%
1010000 80
50%
1100000 96
50%
1100001 97
50%
1100100 100
40%
1101100 108
40%
1110111 119
40%
0010101 21
40%
0011100 28
40%
0110100 52
40%
1001100 76
40%
1011110 94
40%
1100111 103
33%
1101000 104
33%
1110000 112
33%
1111011 123
33%
0010010 18
33%
0101000 40
33%
0110001 49
33%
0111110 62
33%
0111111 63
33%
1000101 69
33%
1001101 77
33%
1111100 124
25%
1111110 126
25%
0010111 23
25%
0110011 51
25%
1001111 79
25%
1010110 86
25%
1010111 87
25%
1011010 90
25%
1011100 92
25%
0001111 15
20%
0011001 25
20%
1011001 89
20%
1110100 116
17%
0101101 45
17%
0110110 54
17%
0111100 60
14%
1100110 102
0%
1101001 105
0%
1101010 106
0%
1101011 107
0%
1101101 109
0%
1101111 111
0%
1111000 120
0%
0001101 13
0%
0001110 14
0%
0010100 20
0%
0011000 24
0%
0011010 26
0%
0011011 27
0%
0101001 41
0%
0101110 46
0%
0101111 47
0%
0110000 48
0%
0110010 50
0%
1001000 72
0%
1001011 75
0%
1010001 81
0%
1010011 83
0%
0001001 9
0%
1011101 93
0%
1011111 95
0%
1100010 98
0%
No se encontraron pruebas coincidentes
Distribución de puntuación
Porcentaje de gente con cada puntuación
Porcentaje por número respondido
Historial de tus puntuaciones
No has intentado esta prueba.